000
00310nam a22001457a 4500
003
SGT
020
_a
978-93-86896-28-5
082
_a
615
_b
P19M
100
_a
MASIH, SHABNAM
245
_a
PHARMACOLOGY FOR NURSES
250
_a
4TH
260
_a
INDIA
_b
LOTUS
_c
2019
300
_a
468
942
_2
ddc
_c
BK
_0
60
999
_c
16468
_d
16468